Definition: Words Ending in LO Quiz Stats

 Plays Quiz not verified by Sporcle

Score 0/11 Timer 01:30
0 Plays Today
% Correct
armadillo
98%
kilo
96%
jello
94%
buffalo
94%
halo
94%
cello
92%
gigolo
92%
tangelo
90%
filo
90%
piccolo
90%
pedalo
90%

You're not logged in!

Compare scores with friends on all Sporcle quizzes.
OR
Log In

Sporcle TV

Today on Sporcle TV


Watch our educational content, quiz creation guides, and fun videos on Sporcle TV.

Show Comments

Extras

Top Quizzes Today


Score Distribution

Your Account Isn't Verified!

In order to create a playlist on Sporcle, you need to verify the email address you used during registration. Go to your Sporcle Settings to finish the process.

Report this User

Report this user for behavior that violates our Community Guidelines.

Details: